000 00659nam a2200265Ia 4500
003 OSt
005 20221007104828.0
006 a|||||r|||| 00| 0
007 ta
008 221006b |||||||| |||| 00| 0 eng d
024 _a16,904
037 _cTextual
040 _aLCO
_cLCO
_beng
041 _2eng
_aeng
082 _aZ2,5q, M7
100 _aRatanlal
245 0 _aIndian Penal Code
250 _a26th
260 _aNagpur
_bWadhwa and Company Pvt.Ltd. India
_c1987
300 _a713
650 _aINDIAN PENAL CODE
700 _a Dhirajlal
942 _hZ2,5q, M7
_cTEXL
999 _c1186467
_d1186467